Library administration and resources

Contents of material: 1/ Management planning. 2/ The dynamics of organisation. 3/ General office functions. 4/ Library administration functions. 5/ Preparing for library leadership. 6/ Administrative data processing. 7/ Financial management. 8/ Library records. 9/ Managing library public relations....

وصف كامل

محفوظ في:
التفاصيل البيبلوغرافية
المؤلف الرئيسي: Krishnamurthy, R.
التنسيق: كتاب
اللغة:Undetermined
منشور في: Darya Ganj, New Delhi Commonwealth 2003
الموضوعات:
الوسوم: إضافة وسم
لا توجد وسوم, كن أول من يضع وسما على هذه التسجيلة!
Thư viện lưu trữ: Trung tâm Học liệu Trường Đại học Cần Thơ
LEADER 01018nam a2200205Ia 4500
001 CTU_124776
008 210402s9999 xx 000 0 und d
020 |c 39.00 
082 |a 025.1 
082 |b K92 
100 |a Krishnamurthy, R. 
245 0 |a Library administration and resources 
245 0 |c R. Krishnamurthy 
260 |a Darya Ganj, New Delhi 
260 |b Commonwealth 
260 |c 2003 
520 |a Contents of material: 1/ Management planning. 2/ The dynamics of organisation. 3/ General office functions. 4/ Library administration functions. 5/ Preparing for library leadership. 6/ Administrative data processing. 7/ Financial management. 8/ Library records. 9/ Managing library public relations. 10/ Public library training. 11/ Evaluating library public relations. 12/ Library planning, resources and staff training. 13/ Information technology and administration. 
650 |a Library science,Library administration 
904 |i Minh 
980 |a Trung tâm Học liệu Trường Đại học Cần Thơ